| 000 | 00496ntaaa2200193 4500 | ||
|---|---|---|---|
| 003 | 01 | ||
| 005 | 20251027202818.0 | ||
| 008 | 0714s1973 ag 01 | ||
| 040 |
_aAR-BaBN _bspa _cAR-BaBN _eaacr _dRIC |
||
| 082 | _a917.0000 H52 | ||
| 100 |
_aHibben, Frank C _928528 |
||
| 245 | _aEl orígen de América | ||
| 250 | _a1 ed. | ||
| 260 |
_aBuenos Aires : _bEditorial Hobbs, _cc1960 |
||
| 300 | _a220 p | ||
| 650 |
_aarqueología-América _928529 |
||
| 650 |
_aAmérica-historia _928530 |
||
| 942 | _cBK | ||
| 999 |
_c23487 _d23487 |
||